Municipalities of Yamagata - Click Map - Statistics

General Stats
  • This quiz has been taken 8 times
  • The average score is 15 of 35
Answers on the Map
Answers color-coded by a green-red scale on the quiz's map according to % correct below.
 
Answer Stats
Answer % Correct
Kaminoyama 上山市 かみのやまし
67%
Nishikawa 西川町 にしかわまち
67%
Sakata 酒田市 さかたし
67%
Tsuruoka 鶴岡市 つるおかし
67%
Higashine 東根市 ひがしねし
50%
Kaneyama 金山町 かねやままち
50%
Mamurogawa 真室川町 まむろがわまち
50%
Murayama 村山市 むらやまし
50%
Nakayama 中山町 なかやままち
50%
Nanyo 南陽市 なんようし
50%
Oguni 小国町 おぐにまち
50%
Okura 大蔵村 おおくらむら
50%
Sagae 寒河江市 さがえし
50%
Shinjo 新庄市 しんじょうし
50%
Yamagata 山形市 やまがたし
50%
Yonezawa 米沢市 よねざわし
50%
Yuza 遊佐町 ゆざまち
50%
Asahi 朝日町 あさひまち
33%
Funagata 舟形町 ふながたまち
33%
Iide 飯豊町 いいでまち
33%
Mogami 最上町 もがみまち
33%
Nagai 長井市 ながいし
33%
Obanazawa 尾花沢市 おばなざわし
33%
Oe 大江町 おおえまち
33%
Oishida 大石田町 おおいしだまち
33%
Sakegawa 鮭川村 さけがわむら
33%
Shirataka 白鷹町 しらたかまち
33%
Shonai 庄内町 しょうないまち
33%
Takahata 高畠町 たかはたまち
33%
Tendo 天童市 てんどうし
33%
Tozawa 戸沢村 とざわむら
33%
Kahoku 河北町 かほくちょう
17%
Kawanishi 川西町 かわにしまち
17%
Mikawa 三川町 みかわまち
17%
Yamanobe 山辺町 やまのべまち
17%
No matching quizzes found
Score Distribution
Percent of People with Each Score
Percentile by Number Answered
Your Score History
You have not taken this quiz